Flags of the States and Territories of the United States - Statistics

General Stats
  • This quiz has been taken 30 times
  • The average score is 49 of 61
Answer Stats
Picture Answer % Correct
Alabama
95%
Colorado
95%
Hawaii
95%
Indiana
95%
New Mexico
95%
Ohio
95%
South Carolina
95%
Texas
95%
Washington
95%
Alaska
90%
Arizona
90%
Arkansas
90%
California
90%
Florida
90%
Iowa
90%
Maryland
90%
Oklahoma
90%
South Dakota
90%
Wyoming
90%
American Samoa
85%
Georgia
85%
Guam
85%
Illinois
85%
Kansas
85%
New York
85%
Puerto Rico
85%
Rhode Island
85%
U.S. Virgin Islands
85%
Connecticut
80%
Delaware
80%
Louisiana
80%
Michigan
80%
Mississippi
80%
Nevada
80%
New Hampshire
80%
Oregon
80%
Tennessee
80%
Utah
80%
Virginia
80%
Kentucky
75%
Massachusetts
75%
Missouri
75%
Montana
75%
New Jersey
75%
North Carolina
75%
North Dakota
75%
Wake Island (also claimed by the Marshall Islands)
75%
Idaho
70%
Johnston Atoll
70%
Maine
70%
Minnesota
70%
Nebraska
70%
Pennsylvania
70%
Vermont
70%
Wisconsin
70%
District of Columbia
65%
Northern Mariana Islands
65%
Navassa Island (also claimed by Haiti)
55%
West Virginia
55%
Midway Atoll
50%
Palmyra Atoll
45%
No matching quizzes found
Score Distribution
Percent of People with Each Score
Percentile by Number Answered
Your Score History
You have not taken this quiz